[Event "ODJM A 2025"]
[Site "Willingen GER"]
[Date "2025.06.14"]
[Round "9"]
[White "Mehner, Lorenz"]
[Black "Zhang, Onno"]
[Result "1-0"]
[Termination "normal"]
[Board "17"]
[WhiteElo "2001"]
[BlackElo "1859"]
[WhiteClock "00:27:23"]
[BlackClock "00:38:53"]
[PlyCount "83"]
[WhiteFideId "16293096"]
[BlackFideId "34643397"]
[EventCountry "GER"]
[EventRounds "9"]
[EventType "swiss"]
[EventDate "2025.06.07"]

1. d4 {[%clk 01:30:55]} {[%emt 00:00:04]} Nf6 {[%clk 01:30:54]} {[%emt
00:00:07]} 2. c4 {[%clk 01:31:21]} {[%emt 00:00:04]} e6 {[%clk 01:31:17]}
{[%emt 00:00:07]} 3. Nc3 {[%clk 01:31:44]} {[%emt 00:00:07]} Bb4 {[%clk
01:31:41]} {[%emt 00:00:06]} 4. e3 {[%clk 01:32:02]} {[%emt 00:00:12]} b6
{[%clk 01:31:53]} {[%emt 00:00:17]} 5. Nge2 {[%clk 01:31:54]} {[%emt 00:00:38]}
Bb7 {[%clk 01:32:00]} {[%emt 00:00:23]} 6. a3 {[%clk 01:32:13]} {[%emt
00:00:12]} Be7 {[%clk 01:29:49]} {[%emt 00:02:40]} 7. d5 {[%clk 01:31:41]}
{[%emt 00:01:02]} exd5 {[%clk 01:28:33]} {[%emt 00:01:46]} 8. cxd5 {[%clk
01:31:38]} {[%emt 00:00:33]} O-O {[%clk 01:27:43]} {[%emt 00:01:20]} 9. Ng3
{[%clk 01:31:10]} {[%emt 00:00:59]} Re8 {[%clk 01:27:34]} {[%emt 00:00:37]} 10.
Bc4 {[%clk 01:30:29]} {[%emt 00:01:13]} g6 {[%clk 01:26:29]} {[%emt 00:01:35]}
11. O-O {[%clk 01:29:40]} {[%emt 00:01:18]} d6 {[%clk 01:24:48]} {[%emt
00:02:13]} 12. b4 {[%clk 01:26:54]} {[%emt 00:03:15]} Nbd7 {[%clk 01:23:14]}
{[%emt 00:02:04]} 13. Bb2 {[%clk 01:25:01]} {[%emt 00:02:23]} Bf8 {[%clk
01:22:48]} {[%emt 00:00:55]} 14. Rc1 {[%clk 01:06:34]} {[%emt 00:18:58]} h5
{[%clk 01:21:37]} {[%emt 00:01:41]} 15. Qc2 {[%clk 00:54:19]} {[%emt 00:12:46]}
h4 {[%clk 01:18:35]} {[%emt 00:03:33]} 16. Nge4 {[%clk 00:53:41]} {[%emt
00:01:07]} Bg7 {[%clk 01:17:13]} {[%emt 00:01:51]} 17. Nxf6+ {[%clk 00:47:34]}
{[%emt 00:06:38]} Nxf6 {[%clk 01:13:22]} {[%emt 00:04:20]} 18. h3 {[%clk
00:45:07]} {[%emt 00:02:57]} c6 {[%clk 01:10:20]} {[%emt 00:03:32]} 19. Rfd1
{[%clk 00:39:14]} {[%emt 00:06:23]} c5 {[%clk 01:03:58]} {[%emt 00:06:53]} 20.
Re1 {[%clk 00:27:09]} {[%emt 00:12:34]} Rc8 {[%clk 00:56:21]} {[%emt 00:08:06]}
21. b5 {[%clk 00:20:33]} {[%emt 00:07:08]} Nd7 {[%clk 00:52:58]} {[%emt
00:03:38]} 22. Nd1 {[%clk 00:15:27]} {[%emt 00:05:49]} Ne5 {[%clk 00:43:23]}
{[%emt 00:10:05]} 23. f4 {[%clk 00:10:47]} {[%emt 00:05:29]} Nxc4 {[%clk
00:43:17]} {[%emt 00:00:18]} 24. Qxc4 {[%clk 00:10:46]} {[%emt 00:00:33]} Bxb2
{[%clk 00:43:32]} {[%emt 00:00:46]} 25. Nxb2 {[%clk 00:10:54]} {[%emt
00:00:01]} f5 {[%clk 00:43:19]} {[%emt 00:00:31]} 26. Qd3 {[%clk 00:06:25]}
{[%emt 00:05:13]} Rc7 {[%clk 00:40:52]} {[%emt 00:03:34]} 27. Nc4 {[%clk
00:05:59]} {[%emt 00:00:08]} Rce7 {[%clk 00:40:59]} {[%emt 00:00:20]} 28. Kh2
{[%clk 00:04:12]} {[%emt 00:02:17]} Re4 {[%clk 00:39:01]} {[%emt 00:02:28]} 29.
Rg1 {[%clk 00:03:08]} {[%emt 00:01:34]} Qf6 {[%clk 00:37:53]} {[%emt 00:01:37]}
30. g3 {[%clk 00:02:52]} {[%emt 00:00:46]} hxg3+ {[%clk 00:36:50]} {[%emt
00:01:34]} 31. Rxg3 {[%clk 00:02:56]} {[%emt 00:00:27]} Kf7 {[%clk 00:35:22]}
{[%emt 00:01:56]} 32. Rcg1 {[%clk 00:02:27]} {[%emt 00:01:00]} Rg8 {[%clk
00:35:33]} {[%emt 00:00:19]} 33. a4 {[%clk 00:01:52]} {[%emt 00:01:07]} Ba8
{[%clk 00:22:22]} {[%emt 00:13:39]} 34. Rg5 {[%clk 00:01:48]} {[%emt 00:00:34]}
Qe7 {[%clk 00:21:08]} {[%emt 00:01:43]} 35. R1g3 {[%clk 00:01:11]} {[%emt
00:01:08]} Qf6 {[%clk 00:12:52]} {[%emt 00:08:46]} 36. Rg1 {[%clk 00:01:11]}
{[%emt 00:00:31]} Rge8 {[%clk 00:10:41]} {[%emt 00:02:40]} 37. Rxg6 {[%clk
00:00:55]} {[%emt 00:00:46]} Qxg6 {[%clk 00:10:52]} {[%emt 00:00:20]} 38. Rxg6
{[%clk 00:01:18]} {[%emt 00:00:07]} Kxg6 {[%clk 00:11:17]} {[%emt 00:00:04]}
39. Nxd6 {[%clk 00:01:34]} {[%emt 00:00:15]} c4 {[%clk 00:10:57]} {[%emt
00:00:50]} 40. Qc2 {[%clk 00:01:11]} {[%emt 00:00:52]} Bxd5 {[%clk 00:09:58]}
{[%emt 00:01:29]} 41. Qg2+ {[%clk 00:27:23]} {[%emt 00:04:18]} Kh7 {[%clk
00:38:53]} {[%emt 00:01:36]} 42. Nxe8 {[%emt 00:01:30]} 1-0

[Event "ODJM A 2025"]
[Site "Willingen GER"]
[Date "2025.06.14"]
[Round "9"]
[White "Groessing, Daniel-Yosuke"]
[Black "Storm, Max"]
[Result "1/2-1/2"]
[Termination "normal"]
[Board "18"]
[WhiteElo "1974"]
[BlackElo "2061"]
[WhiteClock "00:40:07"]
[BlackClock "00:32:27"]
[PlyCount "41"]
[WhiteFideId "1682237"]
[BlackFideId "34625658"]
[EventCountry "GER"]
[EventRounds "9"]
[EventType "swiss"]
[EventDate "2025.06.07"]

1. d4 {[%clk 01:30:57]} {[%emt 00:00:01]} Nf6 {[%clk 01:30:54]} {[%emt
00:00:06]} 2. c4 {[%clk 01:31:15]} {[%emt 00:00:13]} c6 {[%clk 01:31:20]}
{[%emt 00:00:04]} 3. Nf3 {[%clk 01:31:34]} {[%emt 00:00:10]} d5 {[%clk
01:31:43]} {[%emt 00:00:06]} 4. Nbd2 {[%clk 01:31:56]} {[%emt 00:00:08]} g6
{[%clk 01:20:53]} {[%emt 00:11:21]} 5. e3 {[%clk 01:31:17]} {[%emt 00:01:10]}
Bg7 {[%clk 01:20:28]} {[%emt 00:00:53]} 6. Bd3 {[%clk 01:30:52]} {[%emt
00:00:55]} O-O {[%clk 01:15:28]} {[%emt 00:05:30]} 7. O-O {[%clk 01:30:30]}
{[%emt 00:00:53]} Nbd7 {[%clk 01:06:24]} {[%emt 00:09:33]} 8. h3 {[%clk
01:27:22]} {[%emt 00:03:39]} Re8 {[%clk 01:05:40]} {[%emt 00:01:13]} 9. b3
{[%clk 01:23:45]} {[%emt 00:04:08]} c5 {[%clk 01:02:09]} {[%emt 00:04:00]} 10.
Bb2 {[%clk 01:16:57]} {[%emt 00:07:18]} cxd4 {[%clk 01:00:16]} {[%emt
00:02:24]} 11. exd4 {[%clk 01:15:00]} {[%emt 00:02:26]} b6 {[%clk 00:55:04]}
{[%emt 00:05:43]} 12. a4 {[%clk 01:05:03]} {[%emt 00:10:26]} a5 {[%clk
00:49:07]} {[%emt 00:06:28]} 13. Rc1 {[%clk 01:02:20]} {[%emt 00:03:12]} Ba6
{[%clk 00:47:47]} {[%emt 00:01:51]} 14. Qe2 {[%clk 01:00:20]} {[%emt 00:02:30]}
Rc8 {[%clk 00:44:01]} {[%emt 00:04:16]} 15. cxd5 {[%clk 00:58:15]} {[%emt
00:02:35]} Bxd3 {[%clk 00:39:47]} {[%emt 00:04:44]} 16. Qxd3 {[%clk 00:58:36]}
{[%emt 00:00:09]} Rxc1 {[%clk 00:39:53]} {[%emt 00:00:23]} 17. Rxc1 {[%clk
00:58:55]} {[%emt 00:00:11]} Nxd5 {[%clk 00:39:54]} {[%emt 00:00:28]} 18. Qb5
{[%clk 00:56:51]} {[%emt 00:02:35]} Nf8 {[%clk 00:34:40]} {[%emt 00:05:43]} 19.
Nc4 {[%clk 00:48:39]} {[%emt 00:08:42]} Qd7 {[%clk 00:32:21]} {[%emt 00:02:49]}
20. Qxd7 {[%clk 00:40:06]} {[%emt 00:09:04]} Nxd7 {[%clk 00:32:27]} {[%emt
00:00:24]} 21. Ne3 {[%clk 00:40:07]} {[%emt 00:00:29]} 1/2-1/2

[Event "ODJM A 2025"]
[Site "Willingen GER"]
[Date "2025.06.14"]
[Round "9"]
[White "Alheit, Maximilian"]
[Black "Tiedemann, Fin Niklas"]
[Result "1/2-1/2"]
[Termination "normal"]
[Board "19"]
[WhiteElo "1884"]
[BlackElo "1938"]
[WhiteClock "00:39:58"]
[BlackClock "01:01:00"]
[PlyCount "45"]
[WhiteFideId "34607676"]
[BlackFideId "12936936"]
[EventCountry "GER"]
[EventRounds "9"]
[EventType "swiss"]
[EventDate "2025.06.07"]

1. d4 {[%clk 01:30:59]} {[%emt 17:43:31]} Nf6 {[%clk 01:30:45]} {[%emt
00:00:16]} 2. c4 {[%clk 01:31:23]} {[%emt 00:00:06]} e6 {[%clk 01:30:06]}
{[%emt 00:01:09]} 3. Nf3 {[%clk 01:31:46]} {[%emt 00:00:07]} Bb4+ {[%clk
01:30:31]} {[%emt 00:00:05]} 4. Bd2 {[%clk 01:32:09]} {[%emt 00:00:07]} a5
{[%clk 01:29:34]} {[%emt 00:01:26]} 5. Nc3 {[%clk 01:32:13]} {[%emt 00:00:27]}
O-O {[%clk 01:29:22]} {[%emt 00:00:42]} 6. g3 {[%clk 01:32:34]} {[%emt
00:00:08]} b6 {[%clk 01:28:56]} {[%emt 00:00:56]} 7. Bg2 {[%clk 01:32:53]}
{[%emt 00:00:11]} Bb7 {[%clk 01:29:20]} {[%emt 00:00:06]} 8. O-O {[%clk
01:33:14]} {[%emt 00:00:07]} d6 {[%clk 01:29:02]} {[%emt 00:00:49]} 9. Qc2
{[%clk 01:32:04]} {[%emt 00:01:40]} Nbd7 {[%clk 01:22:30]} {[%emt 00:07:02]}
10. a3 {[%clk 01:30:46]} {[%emt 00:01:48]} Bxc3 {[%clk 01:22:47]} {[%emt
00:00:13]} 11. Bxc3 {[%clk 01:31:11]} {[%emt 00:00:06]} Ne4 {[%clk 01:10:36]}
{[%emt 00:12:40]} 12. Nd2 {[%clk 01:28:16]} {[%emt 00:03:25]} Nxc3 {[%clk
01:10:11]} {[%emt 00:00:56]} 13. Qxc3 {[%clk 01:28:01]} {[%emt 00:00:46]} Bxg2
{[%clk 01:10:18]} {[%emt 00:00:22]} 14. Kxg2 {[%clk 01:28:29]} {[%emt
00:00:01]} f5 {[%clk 01:10:09]} {[%emt 00:00:39]} 15. f4 {[%clk 01:23:40]}
{[%emt 00:05:19]} Nf6 {[%clk 01:08:12]} {[%emt 00:02:26]} 16. Rfe1 {[%clk
01:12:56]} {[%emt 00:11:14]} d5 {[%clk 01:04:05]} {[%emt 00:04:37]} 17. c5
{[%clk 01:11:24]} {[%emt 00:02:03]} b5 {[%clk 01:02:22]} {[%emt 00:02:13]} 18.
b4 {[%clk 01:08:42]} {[%emt 00:03:13]} a4 {[%clk 01:02:31]} {[%emt 00:00:21]}
19. c6 {[%clk 01:07:35]} {[%emt 00:01:37]} Ne4 {[%clk 01:02:43]} {[%emt
00:00:19]} 20. Nxe4 {[%clk 01:07:56]} {[%emt 00:00:09]} fxe4 {[%clk 01:03:06]}
{[%emt 00:00:07]} 21. Qc5 {[%clk 01:07:14]} {[%emt 00:01:12]} Rb8 {[%clk
01:03:08]} {[%emt 00:00:29]} 22. Rac1 {[%clk 00:44:53]} {[%emt 00:22:51]} Qf6
{[%clk 01:01:00]} {[%emt 00:02:38]} 23. e3 {[%clk 00:39:58]} {[%emt 00:05:24]}
1/2-1/2

[Event "ODJM A 2025"]
[Site "Willingen GER"]
[Date "2025.06.14"]
[Round "9"]
[White "Nguyen, Phuc Nhat"]
[Black "Apel, Linus"]
[Result "0-1"]
[Termination "normal"]
[Board "20"]
[WhiteElo "1974"]
[BlackElo "1783"]
[WhiteClock "00:36:04"]
[BlackClock "00:15:11"]
[PlyCount "114"]
[WhiteFideId "16253590"]
[BlackFideId "16265785"]
[EventCountry "GER"]
[EventRounds "9"]
[EventType "swiss"]
[EventDate "2025.06.07"]

1. e4 {[%clk 01:30:53]} {[%emt 00:00:05]} e5 {[%clk 01:30:49]} {[%emt
00:00:12]} 2. Nf3 {[%clk 01:31:18]} {[%emt 00:00:06]} Nf6 {[%clk 01:31:13]}
{[%emt 00:00:06]} 3. Nc3 {[%clk 01:31:44]} {[%emt 00:00:04]} Nc6 {[%clk
01:31:34]} {[%emt 00:00:09]} 4. d4 {[%clk 01:31:56]} {[%emt 00:00:18]} exd4
{[%clk 01:31:48]} {[%emt 00:00:16]} 5. Nxd4 {[%clk 01:32:21]} {[%emt 00:00:04]}
Bb4 {[%clk 01:32:09]} {[%emt 00:00:09]} 6. Nxc6 {[%clk 01:32:46]} {[%emt
00:00:05]} bxc6 {[%clk 01:32:35]} {[%emt 00:00:04]} 7. Bd3 {[%clk 01:33:11]}
{[%emt 00:00:05]} d5 {[%clk 01:32:45]} {[%emt 00:00:20]} 8. Bd2 {[%clk
01:33:36]} {[%emt 00:00:06]} O-O {[%clk 01:26:02]} {[%emt 00:07:13]} 9. O-O
{[%clk 01:33:51]} {[%emt 00:00:16]} Re8 {[%clk 01:25:55]} {[%emt 00:00:36]} 10.
Nxd5 {[%clk 01:32:43]} {[%emt 00:01:38]} Nxd5 {[%clk 01:12:34]} {[%emt
00:13:50]} 11. exd5 {[%clk 01:31:27]} {[%emt 00:01:47]} Bxd2 {[%clk 01:12:59]}
{[%emt 00:00:06]} 12. Qxd2 {[%clk 01:31:41]} {[%emt 00:00:15]} cxd5 {[%clk
01:12:51]} {[%emt 00:00:38]} 13. Bb5 {[%clk 01:32:00]} {[%emt 00:00:11]} Re6
{[%clk 01:13:01]} {[%emt 00:00:20]} 14. b4 {[%clk 01:24:11]} {[%emt 00:08:19]}
Rb8 {[%clk 01:06:11]} {[%emt 00:07:20]} 15. Bd3 {[%clk 01:21:47]} {[%emt
00:02:53]} Qd6 {[%clk 00:59:51]} {[%emt 00:06:49]} 16. Rab1 {[%clk 01:19:17]}
{[%emt 00:03:01]} Rh6 {[%clk 00:54:53]} {[%emt 00:05:28]} 17. g3 {[%clk
01:16:32]} {[%emt 00:03:16]} Bd7 {[%clk 00:46:10]} {[%emt 00:09:13]} 18. Rfe1
{[%clk 01:16:38]} {[%emt 00:00:24]} Re6 {[%clk 00:46:11]} {[%emt 00:00:28]} 19.
Rxe6 {[%clk 01:13:21]} {[%emt 00:03:46]} Bxe6 {[%clk 00:45:33]} {[%emt
00:01:09]} 20. a3 {[%clk 01:13:16]} {[%emt 00:00:36]} c6 {[%clk 00:35:36]}
{[%emt 00:10:27]} 21. Rd1 {[%clk 01:07:40]} {[%emt 00:06:06]} Qe5 {[%clk
00:35:05]} {[%emt 00:01:01]} 22. Qe3 {[%clk 01:02:59]} {[%emt 00:05:10]} Qxe3
{[%clk 00:30:58]} {[%emt 00:04:37]} 23. fxe3 {[%clk 01:03:22]} {[%emt
00:00:07]} Bg4 {[%clk 00:31:23]} {[%emt 00:00:06]} 24. Rb1 {[%clk 01:01:28]}
{[%emt 00:02:23]} Kf8 {[%clk 00:29:36]} {[%emt 00:02:17]} 25. Kf2 {[%clk
01:01:52]} {[%emt 00:00:06]} Ke7 {[%clk 00:29:50]} {[%emt 00:00:17]} 26. c3
{[%clk 01:00:36]} {[%emt 00:01:46]} Kd6 {[%clk 00:29:08]} {[%emt 00:01:12]} 27.
e4 {[%clk 01:00:27]} {[%emt 00:00:39]} dxe4 {[%clk 00:23:47]} {[%emt 00:05:52]}
28. Bxe4 {[%clk 01:00:54]} {[%emt 00:00:04]} Re8 {[%clk 00:23:47]} {[%emt
00:00:28]} 29. Re1 {[%clk 01:00:35]} {[%emt 00:00:48]} f5 {[%clk 00:14:00]}
{[%emt 00:10:19]} 30. Bg2 {[%clk 00:59:22]} {[%emt 00:01:42]} Rxe1 31. Kxe1
{[%clk 00:59:16]} c5 {[%clk 00:13:33]} 32. Kd2 {[%clk 00:59:29]} Bh5 {[%clk
00:13:22]} 33. Kd3 {[%clk 00:56:05]} Bf7 {[%clk 00:13:17]} 34. Bb7 {[%clk
00:52:43]} Be6 {[%clk 00:12:51]} 35. Ba6 {[%clk 00:51:06]} h6 {[%clk 00:10:04]}
36. Bc4 {[%clk 00:49:34]} Bd7 {[%clk 00:08:45]} 37. Bf7 {[%clk 00:48:31]}
{[%emt 00:00:12]} Bb5+ {[%clk 00:06:55]} {[%emt 00:01:52]} 38. c4 {[%clk
00:34:17]} {[%emt 00:14:43]} Bd7 {[%clk 00:05:09]} {[%emt 00:02:16]} 39. Bd5
{[%clk 00:33:16]} {[%emt 00:01:30]} Be8 {[%clk 00:03:29]} {[%emt 00:02:11]} 40.
Kc3 {[%clk 00:29:38]} {[%emt 00:04:08]} g5 {[%clk 00:02:19]} {[%emt 00:01:40]}
41. Bf3 {[%clk 00:25:55]} {[%emt 00:04:13]} Bd7 {[%clk 00:01:53]} {[%emt
00:00:56]} 42. Kb3 {[%clk 00:24:15]} {[%emt 00:02:09]} Be8 {[%clk 00:27:19]}
{[%emt 00:05:06]} 43. a4 {[%clk 00:53:00]} {[%emt 00:01:44]} Bc6 {[%clk
00:23:12]} {[%emt 00:04:37]} 44. Be2 {[%clk 00:39:55]} {[%emt 00:13:34]} cxb4
{[%clk 00:20:45]} {[%emt 00:02:59]} 45. Kxb4 {[%clk 00:39:04]} {[%emt
00:01:20]} a5+ {[%clk 00:18:43]} {[%emt 00:02:32]} 46. Kxa5 {[%clk 00:36:42]}
{[%emt 00:02:52]} Kc5 {[%clk 00:19:02]} {[%emt 00:00:11]} 47. Bf1 {[%clk
00:35:49]} {[%emt 00:01:22]} f4 {[%clk 00:16:00]} {[%emt 00:03:33]} 48. gxf4
{[%clk 00:36:01]} {[%emt 00:00:19]} gxf4 {[%clk 00:16:23]} {[%emt 00:00:06]}
49. Ka6 {[%clk 00:34:15]} {[%emt 00:02:16]} Bxa4 {[%clk 00:16:32]} {[%emt
00:00:21]} 50. Kb7 {[%clk 00:34:38]} {[%emt 00:00:07]} f3 {[%clk 00:16:42]}
{[%emt 00:00:20]} 51. Kc7 {[%clk 00:34:59]} {[%emt 00:00:09]} f2 {[%clk
00:16:54]} {[%emt 00:00:18]} 52. Kd8 {[%clk 00:34:59]} {[%emt 00:00:30]} Bb3
{[%clk 00:17:11]} {[%emt 00:00:13]} 53. Ke7 {[%clk 00:35:17]} {[%emt 00:00:12]}
Bxc4 {[%clk 00:17:04]} {[%emt 00:00:37]} 54. Bg2 {[%clk 00:35:42]} {[%emt
00:00:04]} Kd4 {[%clk 00:15:29]} {[%emt 00:02:07]} 55. Kf6 {[%clk 00:35:44]}
{[%emt 00:00:27]} Be2 {[%clk 00:14:51]} {[%emt 00:01:07]} 56. h4 {[%clk
00:35:56]} {[%emt 00:00:19]} h5 {[%clk 00:15:11]} {[%emt 00:00:11]} 57. Kg5
{[%clk 00:36:04]} {[%emt 00:00:22]} Ke5 {[%emt 00:00:28]} 0-1

[Event "ODJM A 2025"]
[Site "Willingen GER"]
[Date "2025.06.14"]
[Round "9"]
[White "Beckmann, Jonathan"]
[Black "Pimenov, Danil"]
[Result "0-1"]
[Termination "normal"]
[Board "21"]
[WhiteElo "1904"]
[BlackElo "1945"]
[WhiteClock "00:15:18"]
[BlackClock "00:55:04"]
[PlyCount "62"]
[WhiteFideId "34672591"]
[BlackFideId "34600248"]
[EventCountry "GER"]
[EventRounds "9"]
[EventType "swiss"]
[EventDate "2025.06.07"]

1. d4 {[%clk 01:30:57]} {[%emt 00:00:02]} Nf6 {[%clk 01:30:55]} {[%emt
00:00:06]} 2. c4 {[%clk 01:31:24]} {[%emt 00:00:04]} g6 {[%clk 01:31:18]}
{[%emt 00:00:06]} 3. Nc3 {[%clk 01:31:50]} {[%emt 00:00:04]} Bg7 {[%clk
01:31:45]} {[%emt 00:00:03]} 4. e4 {[%clk 01:32:15]} {[%emt 00:00:05]} d6
{[%clk 01:32:13]} {[%emt 00:00:02]} 5. Nf3 {[%clk 01:32:41]} {[%emt 00:00:05]}
O-O {[%clk 01:32:38]} {[%emt 00:00:04]} 6. h3 {[%clk 01:33:06]} {[%emt
00:00:05]} e5 {[%clk 01:33:04]} {[%emt 00:00:04]} 7. d5 {[%clk 01:33:31]}
{[%emt 00:00:05]} a5 {[%clk 01:33:27]} {[%emt 00:00:07]} 8. Be3 {[%clk
01:33:53]} {[%emt 00:00:09]} Na6 {[%clk 01:33:53]} {[%emt 00:00:04]} 9. g4
{[%clk 01:34:07]} {[%emt 00:00:15]} Nc5 {[%clk 01:34:19]} {[%emt 00:00:04]} 10.
Nd2 {[%clk 01:34:27]} {[%emt 00:00:10]} c6 {[%clk 01:34:38]} {[%emt 00:00:11]}
11. Be2 {[%clk 01:34:33]} {[%emt 00:00:23]} a4 {[%clk 01:34:52]} {[%emt
00:00:17]} 12. g5 {[%clk 01:33:51]} {[%emt 00:01:12]} Nfd7 {[%clk 01:30:35]}
{[%emt 00:04:48]} 13. h4 {[%clk 01:30:10]} {[%emt 00:04:10]} f5 {[%clk
01:30:51]} {[%emt 00:00:15]} 14. f3 {[%clk 01:25:22]} {[%emt 00:05:18]} cxd5
{[%clk 01:24:26]} {[%emt 00:06:57]} 15. cxd5 {[%clk 01:13:34]} {[%emt
00:12:16]} Rf7 {[%clk 01:19:56]} {[%emt 00:04:59]} 16. Bb5 {[%clk 00:54:51]}
{[%emt 00:19:13]} Nb6 {[%clk 01:16:42]} {[%emt 00:03:45]} 17. Bxc5 {[%clk
00:41:25]} {[%emt 00:13:55]} dxc5 {[%clk 01:17:08]} {[%emt 00:00:05]} 18. Nxa4
{[%clk 00:40:59]} {[%emt 00:00:57]} fxe4 {[%clk 01:15:09]} {[%emt 00:02:28]}
19. fxe4 {[%clk 00:37:58]} {[%emt 00:03:32]} Nxa4 {[%clk 01:15:16]} {[%emt
00:00:23]} 20. Bxa4 {[%clk 00:38:22]} {[%emt 00:00:06]} Rf4 {[%clk 01:14:03]}
{[%emt 00:01:43]} 21. Bb5 {[%clk 00:35:19]} {[%emt 00:03:33]} Qa5 {[%clk
01:13:48]} {[%emt 00:00:45]} 22. Bd3 {[%clk 00:31:16]} {[%emt 00:04:32]} c4
{[%clk 01:10:40]} {[%emt 00:03:39]} 23. Be2 {[%clk 00:30:07]} {[%emt 00:01:39]}
Rxe4 {[%clk 01:10:09]} {[%emt 00:01:02]} 24. Qc2 {[%clk 00:30:06]} {[%emt
00:00:31]} Rf4 {[%clk 00:56:26]} {[%emt 00:14:12]} 25. Qc3 {[%clk 00:14:50]}
{[%emt 00:15:46]} Qxc3 26. bxc3 {[%clk 00:15:18]} e4 {[%clk 00:55:04]} {[%emt
00:01:37]} 27. Rb1 Bxc3 {[%clk 00:55:04]} 28. Kd1 Rxa2 {[%clk 00:55:04]} 29.
Nxc4 Rf2 {[%clk 00:55:04]} 30. Bf1 Bg4+ {[%clk 00:55:04]} 31. Kc1 Rac2# {[%clk
00:55:04]} 0-1

[Event "ODJM A 2025"]
[Site "Willingen GER"]
[Date "2025.06.14"]
[Round "9"]
[White "Zweigait, Leon"]
[Black "Uhlmann, Jonas"]
[Result "1-0"]
[Termination "normal"]
[Board "22"]
[WhiteElo "1913"]
[BlackElo "1876"]
[WhiteClock "01:08:05"]
[BlackClock "01:18:35"]
[PlyCount "63"]
[WhiteFideId "16201388"]
[BlackFideId "16258576"]
[EventCountry "GER"]
[EventRounds "9"]
[EventType "swiss"]
[EventDate "2025.06.07"]

1. e4 {[%clk 01:30:58]} {[%emt 00:00:01]} c5 {[%clk 01:30:54]} {[%emt
00:00:07]} 2. Nf3 {[%clk 01:31:24]} {[%emt 00:00:04]} Nc6 {[%clk 01:31:16]}
{[%emt 00:00:07]} 3. d4 {[%clk 01:31:48]} {[%emt 00:00:06]} cxd4 {[%clk
01:31:42]} {[%emt 00:00:05]} 4. Nxd4 {[%clk 01:32:12]} {[%emt 00:00:05]} e5
{[%clk 01:32:02]} {[%emt 00:00:10]} 5. Nb5 {[%clk 01:32:33]} {[%emt 00:00:11]}
a6 {[%clk 01:32:25]} {[%emt 00:00:05]} 6. Nd6+ {[%clk 01:32:55]} {[%emt
00:00:08]} Bxd6 {[%clk 01:32:49]} {[%emt 00:00:07]} 7. Qxd6 {[%clk 01:33:16]}
{[%emt 00:00:08]} Qf6 {[%clk 01:33:15]} {[%emt 00:00:04]} 8. Qd2 {[%clk
01:33:16]} {[%emt 00:00:29]} Nge7 {[%clk 01:33:19]} {[%emt 00:00:27]} 9. Nc3
{[%clk 01:33:10]} {[%emt 00:00:37]} Nd4 {[%clk 01:33:16]} {[%emt 00:00:31]} 10.
Bd3 {[%clk 01:32:32]} {[%emt 00:01:08]} Qg6 {[%clk 01:33:21]} {[%emt 00:00:25]}
11. f3 {[%clk 01:32:48]} {[%emt 00:00:15]} Nec6 {[%clk 01:33:39]} {[%emt
00:00:12]} 12. Nd5 {[%clk 01:27:42]} {[%emt 00:05:36]} O-O {[%clk 01:33:05]}
{[%emt 00:01:04]} 13. c3 {[%clk 01:25:46]} {[%emt 00:02:25]} Ne6 {[%clk
01:33:27]} {[%emt 00:00:08]} 14. Qf2 {[%clk 01:25:14]} {[%emt 00:01:03]} d6
{[%clk 01:33:32]} {[%emt 00:00:25]} 15. Be3 {[%clk 01:25:27]} {[%emt 00:00:18]}
b5 {[%clk 01:33:20]} {[%emt 00:00:41]} 16. a4 {[%clk 01:24:33]} {[%emt
00:01:24]} Rb8 {[%clk 01:33:03]} {[%emt 00:00:46]} 17. axb5 {[%clk 01:24:41]}
{[%emt 00:00:24]} axb5 {[%clk 01:33:24]} {[%emt 00:00:09]} 18. Ba7 {[%clk
01:24:54]} {[%emt 00:00:16]} Rb7 {[%clk 01:33:01]} {[%emt 00:00:54]} 19. O-O
{[%clk 01:19:29]} {[%emt 00:05:54]} Kh8 {[%clk 01:31:06]} {[%emt 00:02:25]} 20.
Ra6 {[%clk 01:17:52]} {[%emt 00:02:07]} Bd7 {[%clk 01:29:51]} {[%emt 00:01:45]}
21. Rfa1 {[%clk 01:14:31]} {[%emt 00:03:50]} Nf4 {[%clk 01:28:47]} {[%emt
00:01:34]} 22. Nxf4 {[%clk 01:14:17]} {[%emt 00:00:44]} exf4 {[%clk 01:29:08]}
{[%emt 00:00:10]} 23. b4 {[%clk 01:13:54]} {[%emt 00:00:53]} Ne5 {[%clk
01:29:14]} {[%emt 00:00:24]} 24. Bf1 {[%clk 01:12:12]} {[%emt 00:02:11]} f5
{[%clk 01:25:37]} {[%emt 00:04:07]} 25. Bd4 {[%clk 01:11:52]} {[%emt 00:00:51]}
Nc6 {[%clk 01:25:05]} {[%emt 00:01:03]} 26. e5 {[%clk 01:11:52]} {[%emt
00:00:30]} dxe5 {[%clk 01:23:08]} {[%emt 00:02:27]} 27. Bxe5 {[%clk 01:07:44]}
{[%emt 00:04:38]} Qg5 {[%clk 01:21:45]} {[%emt 00:01:51]} 28. Qc5 {[%clk
01:07:46]} {[%emt 00:00:30]} Re8 {[%clk 01:19:19]} {[%emt 00:02:57]} 29. Rxc6
{[%clk 01:07:44]} {[%emt 00:00:30]} Bxc6 {[%clk 01:19:25]} {[%emt 00:00:26]}
30. Qxc6 {[%clk 01:08:04]} {[%emt 00:00:09]} Rbe7 {[%clk 01:19:38]} {[%emt
00:00:16]} 31. Ra8 {[%clk 01:07:54]} {[%emt 00:00:40]} Qh5 {[%clk 01:18:35]}
{[%emt 00:01:34]} 32. Bxb5 {[%clk 01:08:05]} {[%emt 00:00:19]} 1-0